| 000 | 01365nam0a22003371 4500 | ||
|---|---|---|---|
| 001 | rc\2135644 | ||
| 005 | 20110829172929.5 | ||
| 035 | _a(NLR Aleph) 006701108 | ||
| 090 |
_a5245103 _c5245103 |
||
| 100 | _a20110829d1979 |||y0rusy50 ca | ||
| 101 | 0 | _arus | |
| 102 | _aRU | ||
| 105 | _ay z ||||| | ||
| 200 | 1 |
_aЕвропа в международных отношениях, 1917-1939 _f[А.О. Чубарьян, Н.В. Фарбман, С.В. Никонова и др. _gРедкол.: А.О. Чубарьян (отв. ред.) и др.] |
|
| 210 |
_aМосква _cНаука _d1979 |
||
| 215 |
_a438 с. _d22 |
||
| 300 | _aВ надзаг.: АН СССР, Ин-т всеобщ. истории | ||
| 300 | _aАвт. указаны в огл. | ||
| 320 | _aБиблиогр. / Л.Н. Чернова: с. 419-437 | ||
| 606 |
_aМеждународные отношения в Европе _xИстория _z1917-1939 _2psbo |
||
| 701 | 1 |
_aФарбман _bН. В. |
|
| 701 | 1 |
_aНиконова _bС. В. |
|
| 702 | 1 |
_aЧубарьян _bА. О. _gАлександр Оганович _4570 |
|
| 712 | 0 | 2 |
_aИнститут всеобщей истории _cМосква |
| 801 | 0 |
_aRU _bNLR _gpsbo |
|
| 801 | 1 |
_aRU _bELAR _2rusmarc |
|
| 852 |
_aNLR _j79-5/6356 |
||
| 899 |
_aRuMoRGB _jБ 79-32/156 |
||
| 899 |
_aRuMoRGB _jБ 79-32/157 |
||
| 942 | _cBOOK | ||
| 980 | _aNB | ||